000 00735nam a22002657a 4500
003 UA-OsUOA
001 75081
007 ta
008 20110428b un ||||| |||| 00| 0 ukr d
100 _aРеверчук С.К.
700 _aСива Т.В.
700 _aРеверчук Л.С.
090 _a330.1(075.8)
_bР32
942 _cBK
040 _aUA-OsUOA
_bukr
_cUA-OsUOA
_dUA-OsUOA
245 _aОснови теорії економічної конкуренції
_bнавч. посіб.
300 _a271 с.
955 _a2
041 _aukr
080 _a330.1(075.8)
020 _a966-346-285-Х
260 _aК.
_bЗнання
_c2007
650 7 _a330 Економіка взагалі
_2UDC
999 _c361376
_d361376